Sociology: Themes and perspectives (Record no. 6378)

MARC details
000 -LEADER
fixed length control field 00458nam a22001817a 4500
005 - DATE AND TIME OF LATEST TRANSACTION
control field 20200521123010.0
008 - FIXED-LENGTH DATA ELEMENTS--GENERAL INFORMATION
fixed length control field 200521b xxu||||| |||| 00| 0 eng d
020 ## - INTERNATIONAL STANDARD BOOK NUMBER
ISBN 9780007583195
041 ## - LANGUAGE CODE
Language code of text/sound track or separate title eng
082 ## - DEWEY DECIMAL CLASSIFICATION NUMBER
Classification number 301 HAR
100 ## - MAIN ENTRY--AUTHOR NAME
Personal name Haralambos, Michael Holborn, Matin and others
245 ## - TITLE STATEMENT
Title Sociology: Themes and perspectives
250 ## - EDITION STATEMENT
Edition statement 8'th
260 ## - PUBLICATION, DISTRIBUTION, ETC. (IMPRINT)
Place of publication U.K
Name of publisher Harper Collins
300 ## - PHYSICAL DESCRIPTION
Number of Pages 1195p.
650 ## - SUBJECT ADDED ENTRY--TOPICAL TERM
Topical Term Socilogy
942 ## - ADDED ENTRY ELEMENTS (KOHA)
Koha item type Books

No items available.